| Tag |
First Indicator |
Second Indicator |
Subfields |
| LEADER |
00000cam a2200000Ii 4500 |
| 001 |
in00004352016 |
| 008 |
200103s2020 ilua b 001 0 eng |
| 005 |
20250318215013.4 |
| 019 |
|
|
|a 1134496450
|
| 020 |
|
|
|a 9780932171696
|
| 020 |
|
|
|a 0932171699
|q paperback
|
| 035 |
|
|
|a (OCoLC)on1141356008
|
| 035 |
|
|
|a (OCoLC)1141356008
|z (OCoLC)1134496450
|
| 040 |
|
|
|a AU@
|b eng
|e rda
|c AU@
|d OCLCQ
|d YDX
|d YDXIT
|d UtOrBLW
|
| 050 |
|
4 |
|a ND1351.5
|b .C65 2020
|
| 082 |
0 |
4 |
|a 758.173
|2 23
|
| 245 |
0 |
0 |
|a Colonization, wilderness, and spaces between :
|b nineteenth-century landscape painting in Australia and the United States /
|c editors Richard Read, Kenneth Haltman.
|
| 264 |
|
1 |
|a [Chicago] :
|b Terra Foundation for American Art ;
|a [Perth, Wash.] :
|b School of Design, University of Western Australia,
|c [2020]
|
| 264 |
|
2 |
|a Chicago :
|b Distributed by the University of Chicago Press
|
| 300 |
|
|
|a 195 pages :
|b illustrations (chiefly color) ;
|c 26 cm
|
| 336 |
|
|
|a text
|b txt
|2 rdacontent
|
| 336 |
|
|
|a still image
|b sti
|2 rdacontent
|
| 337 |
|
|
|a unmediated
|b n
|2 rdamedia
|
| 338 |
|
|
|a volume
|b nc
|2 rdacarrier
|
| 500 |
|
|
|a "This publication arose from an inspired partnership between the Terra Foundation, The University of Western Australia, the Art Gallery of Western Australia, and the University of Melbourne's Ian Potter Museum of Art. Together, the partners co-organized and presented the Terra Collection Initiative exhibition 'Continental shift: Nineteenth Century American and Australian Landscape Painting' (shown in Melbourne as 'Not as the Songs of Other Lands: 19th Century American and Australian Landscape Painting') -- Page 7."
|
| 500 |
|
|
|a Places of publication from publishers' websites.
|
| 504 |
|
|
|a Includes bibliographical references and index.
|
| 650 |
|
0 |
|a Landscape painting, American
|y 19th century
|v Exhibitions.
|0 http://id.loc.gov/authorities/subjects/sh2009128783
|
| 650 |
|
0 |
|a Landscape painting, Australian
|y 19th century
|v Exhibitions.
|
| 700 |
1 |
|
|a Read, Richard,
|e editor.
|0 http://id.loc.gov/authorities/names/n87907249
|
| 700 |
1 |
|
|a Haltman, Kenneth,
|d 1957-
|e editor.
|0 http://id.loc.gov/authorities/names/no2001008772
|
| 710 |
2 |
|
|a Terra Foundation for American Art,
|e sponsoring body.
|0 http://id.loc.gov/authorities/names/no2005057174
|
| 710 |
2 |
|
|a University of Western Australia,
|e sponsoring body.
|0 http://id.loc.gov/authorities/names/n79089340
|
| 710 |
2 |
|
|a Art Gallery of Western Australia,
|e host institution.
|0 http://id.loc.gov/authorities/names/n82048298
|
| 710 |
2 |
|
|a Ian Potter Museum of Art,
|e host institution.
|0 http://id.loc.gov/authorities/names/nr00008708
|
| 852 |
8 |
|
|b pda,print
|z This title is available for the library to purchase for your use. Click the "Purchase It For Me" button to place a request. This item may take 5-10 business days to arrive.
|
| 955 |
|
|
|a Print PDA title
|
| 961 |
|
|
|m 565730
|
| 999 |
f |
f |
|s 9f02512b-9d38-4847-bc8e-5ef41cf3875d
|i 349f670d-3213-3ade-93c0-c3548f026219
|t 0
|
| 952 |
f |
f |
|a Texas A&M University
|b College Station
|c Sterling C. Evans Library
|d Purchase on Demand
|t 0
|e ND1351.5 .C65 2020
|h Library of Congress classification
|
| 998 |
f |
f |
|a ND1351.5 .C65 2020
|t 0
|l Purchase on Demand
|